000 00775nam a22002657a 4500
003 CHAP
005 20220329140645.0
008 971013s1976 r 00010 d
010 _a55498
011 _a56470
035 _a60623
040 _cCHAP
090 _aFolleto 6170
100 0 0 _aYoung, Ronald D.
_9123234
245 _aPhosphate fertilizers and process technology
260 _aShoals, Ala. :
_bTennessee Valley Authority,
_c1976
300 _a47 p.
_b: ilus.
590 _aBATCH-UPD
_b10
_c20130110
_lUCH01
_h0516
590 _aCONVERSION
_b10
_c20130109
_lUCH01
_h1330
650 1 4 _aFertilizantes fosfatados.
_940592
700 0 _aDavis, Charles H.
_931251
901 _aBK
942 _cLIBRO
949 _aFolleto 6170
_bBC
_cFOLL
_d-130560
_eLIBRO
_i60623
_mD
_si
999 _c55498
_d55498